00666nam a2200217 a 450000100060000000300080000600500170001400800410003103500190007204000320009104100080012308200280013110000200015924500410017926000510022030000350027149000440030650400360035065000180038683000440040476947BD-RjUL20211209082916.0170130s1965 ii a b 001 0 eng  a(BD-RjUL)63514 aDLCcDLCdDLCdBD-RjULbeng aeng 223a793.31954bBOD 19531 aBower, Faubion.14aThe dance in India /cFaubion Bowers anew york :bColombia university press ,c1953. axiii, 175 p. :bill. ;c23 cm.0 aTaraporevala's treasure house of books. aInclude bibliography and index. 0aDancezIndia. aTaraporevala's treasure house of books.